000 00354nam a22001337a 4500
999 _c15499
_d15499
003 OSt
008 180810b ||||| |||| 00| 0 eng d
082 _a671
_bGRA/LO
100 _aGraff, Heinz
_93257
245 _aലോഹപ്പണി
260 _aThiruvananthapuram
_bKerala Bhasha Institute
_c1972
700 _aBabu Baradwaj Tr.
_93258
942 _cBK